Chuyện thường ngày ở huyện /

Đã lưu trong:
Sonraí Bibleagrafaíochta
Príomhúdar: Ôvetskin, V.
Údair Eile: Phạm Mạnh Hùng (dịch.)
Formáid: Sách giấy
Teanga:Vietnamese
Foilsithe: H. : Tác phẩm mới, 1978.
Clibeanna: Cuir Clib Leis
Gan Chlibeanna, Bí ar an gcéad duine leis an taifead seo a chlibeáil!
Thư viện lưu trữ: Thư viện Trường Đại học Đà Lạt
LEADER 00690nam a2200289 4500
001 DLU140159049
005 ##20140121
040 # # |a DLU  |b vie 
041 # # |a vie 
044 # # |a vn 
082 # # |a 891.73OV-V 
100 # # |a Ôvetskin, V. 
245 # # |a Chuyện thường ngày ở huyện /  |c V.Ôvetskin; Phạm Mạnh Hùng dịch. 
260 # # |a H. :  |b Tác phẩm mới,  |c 1978. 
300 # # |a 551 tr. ;  |c 19 cm. 
700 # # |a Phạm Mạnh Hùng,  |e dịch. 
923 # # |a TL 
991 # # |a SH 
992 # # |a 3,75 
994 # # |a DLU 
900 # # |a True 
911 # # |a Nguyễn Huyền Anh 
925 # # |a G 
926 # # |a A 
927 # # |a SH 
980 # # |a Thư viện Trường Đại học Đà Lạt